00841cam a22002411 450000100060000000300080000600500170001400800410003103500190007203500180009104000360010904100080014508200270015310000250018024500750020526000410028030000350032150400390035665000320039594200120042799900170043995201430045612270BD-RjUL20211208235250.0140128s1964 paua b 001 0 eng d a(BD-RjUL)12319 a(OCoLC)555385 aDLCcODaWUdOCoLCdBD-RjULbeng aeng a581.192216bDAP 19641 aDavies, D. D.93809310aPlant biochemistry/c[by] D.D. Davies, J. Giovanelli [and] T. Ap Rees. aPhiladelphia :bF.A. Davis ,c1964 axi, 454 p. :billus. ;c23 cm. aIncludes bibliographies and index. 0aBotanical chemistry.930740 2ddccBK c12270d12270 00102ddc40718NFICaRUCLbRUCLcReadingd1970-03-07ezeithengerg57.00l0o581.192 DAP 1964r2014-01-28 00:00:00tC-1w2014-01-28yBK